000 00810nam a2200241Ia 4500
005 20250425162124.0
008 250425s9999 xx 000 0 und d
020 _a9682434939
041 _aspa
082 _a371.3
100 _aIZQUIERDO MORENO, CIRIACO
245 0 _aMETODOLOGIA DEL ESTUDIO
250 _a1A ED.
260 _aMEXICO
260 _aMéxico
_bTRILLAS
_c1997
300 _a162
500 _aEN CIBGZ-FIMCP 50068
520 _aES MUY CIERTO QUE SE NOS ENSEÑO A MULTIPLICAR, NADAR, PATINAR, ETC. Y MUCHAS OTRAS ACTIVIDADES PERO ES MUY PROBLABLE QUE NUNCA SE NOS HALLA ENSEÑADO A ESTUDIAR.ESTE LIBRO CONSTA DE DIVERSAS TECNICAS DE ESTUDIO PARA DESARROLLAR NUESTRO POTENCIAL DE
650 _aAUTOEDUCACION
650 _aMETODOS DE ESTUDIO
942 _c01
010 _a51262
999 _c222777
_d222777